Katha:paniko (kirati lok katha) (Record no. 89805)
[ view plain ]
| 000 -LEADER | |
|---|---|
| fixed length control field | 00535nam a22001937a 4500 |
| 008 - FIXED-LENGTH DATA ELEMENTS--GENERAL INFORMATION | |
| fixed length control field | 200106b xxu||||| |||| 00| 0 eng d |
| 020 ## - INTERNATIONAL STANDARD BOOK NUMBER | |
| International Standard Book Number | 97899372996373 |
| 041 ## - LANGUAGE CODE | |
| Language code of text/sound track or separate title | Nep. |
| 082 ## - DEWEY DECIMAL CLASSIFICATION NUMBER | |
| Classification number | N895.513/Mu713k |
| 100 ## - MAIN ENTRY--PERSONAL NAME | |
| Personal name | Mukarung, Shubha ed. |
| 245 ## - TITLE STATEMENT | |
| Title | Katha:paniko (kirati lok katha) |
| 260 ## - PUBLICATION, DISTRIBUTION, ETC. | |
| Place of publication, distribution, etc. | Kathmandu: |
| Name of publisher, distributor, etc. | Bhojpur Samaj Hongkong, |
| Date of publication, distribution, etc. | 2072BS. |
| 300 ## - PHYSICAL DESCRIPTION | |
| Extent | 94p.;illus. |
| 504 ## - BIBLIOGRAPHY, ETC. NOTE | |
| Bibliography, etc. note | Includes bibliography |
| 650 ## - SUBJECT ADDED ENTRY--TOPICAL TERM | |
| Topical term or geographic name entry element | Nepali literature |
| 650 ## - SUBJECT ADDED ENTRY--TOPICAL TERM | |
| Topical term or geographic name entry element | Nepali stories |
| 9 (RLIN) | 10 |
| 653 ## - INDEX TERM--UNCONTROLLED | |
| Uncontrolled term | Kirati folk stories |
| 942 ## - ADDED ENTRY ELEMENTS (KOHA) | |
| Source of classification or shelving scheme | Dewey Decimal Classification |
| Koha item type | ISBN |
| Withdrawn status | Lost status | Source of classification or shelving scheme | Damaged status | Not for loan | Home library | Current library | Date acquired | Total Checkouts | Full call number | Barcode | Date last seen | Price effective from | Koha item type |
|---|---|---|---|---|---|---|---|---|---|---|---|---|---|
| Dewey Decimal Classification | Tribhuvan University Central Library | Tribhuvan University Central Library | 01/06/2020 | N895.513/M713k | IS12398 | 01/06/2020 | 01/06/2020 | ISBN |
